01206nam a2200157Ia 4500008004100000020001800041050002000059245007800079250001800157260003200175300003300207500006200240505070300302650001701005650002601022120626s9999 xx 000 0 und d a968-412-354-X04aBF139bS67 199010aPsicologíab: de acuerdo con los programas oficialescTeodoro D. Soria. a23a edición aMéxicob: Esfingec, 1990 a303 paginasb: ilustraciones aIncluye : Prólogo (pp. 7-8), Introducción (pp. 9-13) aI. Concepto de la psicología II. Los métodos psicológicos III. La conciencia IV. La atención V. Clasificación de los hechos psiquicos VI. Los hechos del conocimiento de la sensación VII. Las sensaciones externas VIII. La percepción de lo sensible IX. La imagen X. La percepción anormal XI. Las imagenes XII. El recuerdo XIII. La imaginación XIV. El pensar XV. Las formas de pensar XVI. El juzgar XVII. El pensar productivo XVIII. La vida afectiva XIX. Emociones y pasiones XX. Las tendencias XXI. El instinto XXII. El hábito XXIII. Quere y libertad XXIV. El yo XXV. Persona, carácter y personalidad XXVI. Estados psíquicos 17aPSICOLOGÍA17aESTUDIO Y ENSEÑANZA